Southville International School and Colleges
Your cart is empty.
  • Cart
  • Lists
    Public lists list_1 View all
    Your lists Log in to create your own lists
  • Log in to your account
  • Your cookies
  • Search history
Southville International School and Colleges
  • Advanced search
  • Recent comments
  • Most popular
  • Libraries

Log in to your account

Log in with GOOGLE


If you do not have an external account, but do have a local account, you can still log in:

  1. Home
  2. MARC view: Rosarium Virginis Mariae (The rosary of the Virgin Mary) :
Normal view MARC view ISBD view

Rosarium Virginis Mariae (The rosary of the Virgin Mary) : (Record no. 356606)

[ view plain ]
MARC details
000 -LEADER
fixed length control field 00674nam a2200217Ia 4500
008 - FIXED-LENGTH DATA ELEMENTS--GENERAL INFORMATION
fixed length control field 180523s9999 xx 000 0 und d
050 ## - LIBRARY OF CONGRESS CALL NUMBER
Classification number MAIN BX 2163
050 ## - LIBRARY OF CONGRESS CALL NUMBER
Item number .P38 2002
100 ## - MAIN ENTRY--PERSONAL NAME
Personal name Paul, Pope John II.
245 #0 - TITLE STATEMENT
Title Rosarium Virginis Mariae (The rosary of the Virgin Mary) :
245 #0 - TITLE STATEMENT
Remainder of title apostolic letter of the supreme pontiff to the bishops, clergy and faithful on the most holy rosary /
245 #0 - TITLE STATEMENT
Statement of responsibility, etc Pope John Paul II.
260 ## - PUBLICATION, DISTRIBUTION, ETC. (IMPRINT)
Place of publication, distribution, etc USA :
260 ## - PUBLICATION, DISTRIBUTION, ETC. (IMPRINT)
Name of publisher, distributor, etc Cathedral Foundation.,
260 ## - PUBLICATION, DISTRIBUTION, ETC. (IMPRINT)
Date of publication, distribution, etc 2002
300 ## - PHYSICAL DESCRIPTION
Extent 48 pages :
300 ## - PHYSICAL DESCRIPTION
Other physical details illustrations ;
300 ## - PHYSICAL DESCRIPTION
Dimensions 23 cm.
650 ## - SUBJECT ADDED ENTRY--TOPICAL TERM
Topical term or geographic name as entry element Mary, Blessed Virgin, Saint.
650 ## - SUBJECT ADDED ENTRY--TOPICAL TERM
General subdivision Rosary.
Holdings
Withdrawn status Lost status Damaged status Home library Current library Shelving location Date acquired Cost, normal purchase price Total Checkouts Full call number Barcode Date last seen Price effective from Koha item type
      South Mansfield College South Mansfield College   01/11/2008 40.00   MAIN BX 2163 .P38 2002 SMC04789 05/23/2018 05/23/2018  

Rosarium Virginis Mariae (The rosary of the Virgin Mary) :

APA

Paul P. J. I., .Rosarium Virginis Mariae (The rosary of the Virgin Mary). USA: .

Chicago

Paul Pope John II, .Rosarium Virginis Mariae (The rosary of the Virgin Mary). USA: .

Harvard

Paul P. J. I., .Rosarium Virginis Mariae (The rosary of the Virgin Mary). USA: .

MLA

Paul Pope John II, .USA: . .

  • Place hold
  • Print
  • Cite
  • Add to your cart (remove)
  • Save record
    BIBTEX Dublin Core MARCXML MARC (non-Unicode/MARC-8) MARC (Unicode/UTF-8) MARC (Unicode/UTF-8, Standard) MODS (XML) RIS
  • More searches
    Search for this title in:
    Other Libraries (WorldCat) Other Databases (Google Scholar) Online Stores (Bookfinder.com) Open Library (openlibrary.org)

Exporting to Dublin Core...

SOUTHVILLE LIBRARY

Southville International School and Colleges Library

1281 Tropical Ave. Cor. Luxembourg St., BF Homes International, Las Pinas City

Tel. No. 8256374 / 252358 Loc. 117/146

Powered by Koha